| 000 | 01503nam0a22003251 4500 | ||
|---|---|---|---|
| 001 | rc\2141975 | ||
| 005 | 20260412042031.0 | ||
| 035 | _a(NLR Aleph) 006702125 | ||
| 090 |
_a5255095 _c5255095 |
||
| 100 | _a20110829d1979 |||y0rusy50 ca | ||
| 101 | 0 | _arus | |
| 102 | _aRU | ||
| 105 | _ay z ||||| | ||
| 200 | 1 |
_aХозяйственные механизмы СССР и ряда других стран социализма _eИнформ.-аналит. обзор _f[Подгот. Кулигиным П.И., Лаптевым А.В.] |
|
| 210 |
_aМосква _cИЭМСС _d1979 |
||
| 215 |
_a113 с. _d20 |
||
| 300 | _aВ надзаг.: АН СССР, Ин-т экономики мировой соц. системы | ||
| 300 | _aАвт. указаны на обороте тит. л. | ||
| 320 | _aБиблиогр.: с. 110 (7 назв.) | ||
| 606 |
_aЭкономика _jОбзоры литературы информационные _yСоциалистические страны _2psbo |
||
| 700 | 1 |
_aКулигин _bП.И. _gПавел Иванович |
|
| 701 | 1 |
_aЛаптев _bА.В. |
|
| 712 | 0 | 2 |
_aМеждународный институт экономических проблем мировой социалистической системы _cМосква _9390608 _3RU\NLR\AUTH\889947486 |
| 801 | 0 |
_aRU _bNLR _gpsbo |
|
| 801 | 1 |
_aRU _bELAR _2rusmarc |
|
| 852 |
_aNLR _j80-3/1449 |
||
| 899 |
_aRuMoRGB _jB 79-54/316 |
||
| 899 |
_aRuMoRGB _jB 79-54/317 |
||
| 942 | _cBOOK | ||
| 980 | _aNB | ||